Εξοικονόμηση ενέργειας για τη θέρμανση υφισταμένων κτιρίων : η περίπτωση του κτιρίου του χημικού τμήματος του ΑΠΘ : πτυχιακή εργασία
Αποθηκεύτηκε σε:
| Κύριος συγγραφέας: | |
|---|---|
| Συγγραφή απο Οργανισμό/Αρχή: | |
| Άλλοι συγγραφείς: | |
| Μορφή: | Thesis Βιβλίο |
| Γλώσσα: | Greek |
| Δημοσίευση: |
Μυτιλήνη :
Πανεπιστήμιο Αιγαίου, Τμήμα Περιβάλλοντος, Τομέας Περιβάλλοντικής Μηχανικής και Επιστήμης,
1999
|
| Θέματα: | |
| Διαθέσιμο Online: | http://hdl.handle.net/11610/10106 |
| Ετικέτες: |
Προσθήκη ετικέτας
Δεν υπάρχουν, Καταχωρήστε ετικέτα πρώτοι!
|
MARC
| LEADER | 00000cam a2200000 i 4500 | ||
|---|---|---|---|
| 001 | 1/7452 | ||
| 008 | 000621s1999 gre d | ||
| 035 | |l 10062287 | ||
| 040 | |a GR-MY-UA |b gre |e aacr | ||
| 041 | 0 | |a gre | |
| 082 | 0 | |a 697 |2 (22) | |
| 100 | 1 | |a Βερβερίδης, Κωνσταντίνος. | |
| 245 | 1 | 0 | |a Εξοικονόμηση ενέργειας για τη θέρμανση υφισταμένων κτιρίων : |b η περίπτωση του κτιρίου του χημικού τμήματος του ΑΠΘ : πτυχιακή εργασία / |c Βερβερίδης Κωνσταντίνος ; υπεύθυνος καθηγητής: Χαραλαμπόπουλος Δίας |
| 260 | |a Μυτιλήνη : |b Πανεπιστήμιο Αιγαίου, Τμήμα Περιβάλλοντος, Τομέας Περιβάλλοντικής Μηχανικής και Επιστήμης, |c 1999 | ||
| 300 | |a 130 σ.; |b πιν., σχ.; |c 30 εκ. | ||
| 502 | |a Πτυχιακή εργασία – Πανεπιστήμιο Αιγαίου, Λέσβος, 1999. | ||
| 504 | |a Περιέχει βιβλιογραφία | ||
| 650 | 0 | |a Buildings |x Energy conservation |z Greece |z Thessalonike. | |
| 650 | 0 | |e Architecture and energy conservation |z Greece |z Thessalonike. | |
| 650 | 0 | 0 | |a Air conditioning. |
| 650 | 0 | 0 | |a Dissertations, Academic |z Greece. |
| 700 | 1 | |a Χαραλαμπόπουλος, Δίας. |4 ths | |
| 710 | 2 | |a Πανεπιστήμιο Αιγαίου. |b Σχολή Περιβάλλοντος. |b Τμήμα Περιβάλλοντος. | |
| 852 | |a INST |b LESVOS |c DIATR |e 20000621 |h 495 |p 005100025836 |q 005100025836 |t DIE |y 23 | ||
| 852 | |a INST |b LESVOS |c DIATR |e 20000621 |h 496 |p 005100025837 |q 005100025837 |t DIE |y 23 | ||
| 856 | |u http://hdl.handle.net/11610/10106 | ||
| 901 | |a BIBL1-2000-2 | ||
| 909 | |a Λ |b 080507 | ||
| 909 | |a Λ |b 080508 | ||
| 924 | |a ΒΕΡΒΕΡΙΔΗΣ |b ΚΩΝΣΤΑΝΤΙΝΟΣ |y ΛΕΣΒΟΣ |z 1999 | ||
| 970 | |a ΑΙΒΑΤΖΙΔΟΥ |b ΕΛΕΝΗ |z 2000/06/21 | ||